000 00235nam a2200097Ia 4500
008 170619s9999 xx 000 0 und d
100 _aRamchandra
245 0 _aNon Linear Analysis of Steel Structure
260 _bStandard PUB
260 _c2006
546 _aENGLISH
999 _c21616
_d21616